00281nam a2200121Ia 45000030006000000080041000060400015000471000020000622450030000822600018001125460012001300050017001420STCL150530s9999 xx 000 0 und d aSTCLcSTCL aParasuram, A.N. aArthur Miller All my sons bMinervac1992 aEnglish20220125171357.0